Solid state theory. Volume 1, Basics : (Record no. 171656)

MARC details
000 -LEADER
fixed length control field 00819cam a2200241 i 4500
001 - CONTROL NUMBER
control field 1356944827
003 - CONTROL NUMBER IDENTIFIER
control field OSt
005 - DATE AND TIME OF LATEST TRANSACTION
control field 20250422130449.0
008 - FIXED-LENGTH DATA ELEMENTS--GENERAL INFORMATION
fixed length control field 230115s2023 gw a ob 000 0 eng d
020 ## - INTERNATIONAL STANDARD BOOK NUMBER
Canceled/invalid ISBN 9783662661345 (paperback)
040 ## - CATALOGING SOURCE
Original cataloging agency YDX
Language of cataloging eng
Description conventions rda
-- pn
Transcribing agency YDX
Modifying agency NUST
050 #4 - LIBRARY OF CONGRESS CALL NUMBER
Classification number QC176 CZY
100 1# - MAIN ENTRY--PERSONAL NAME
Personal name Czycholl, Gerd
Relator term Author
245 10 - TITLE STATEMENT
Title Solid state theory. Volume 1, Basics :
Remainder of title phonons and electrons in crystals /
Statement of responsibility, etc. Gerd Czycholl.
260 ## - PUBLICATION, DISTRIBUTION, ETC.
Place of publication, distribution, etc. Berlin :
Name of publisher, distributor, etc. Springer,
Date of publication, distribution, etc. 2023.
300 ## - PHYSICAL DESCRIPTION
Extent xi, 400 pages :
Other physical details Illustrations ;
Dimensions 24 cm.
336 ## - CONTENT TYPE
Content type term text
Content type code txt
Source rdacontent
337 ## - MEDIA TYPE
Media type term computer
Media type code c
Source rdamedia
338 ## - CARRIER TYPE
Carrier type term online resource
Carrier type code cr
Source rdacarrier
504 ## - BIBLIOGRAPHY, ETC. NOTE
Bibliography, etc. note Includes bibliographical references.
650 #0 - SUBJECT ADDED ENTRY--TOPICAL TERM
Form subdivision Solid state physics.
942 ## - ADDED ENTRY ELEMENTS (KOHA)
Source of classification or shelving scheme Library of Congress Classification
Koha item type Ordinary Loan Books
Classification part QC176 CZY
Call number prefix QC
Call number suffix CZY
Suppress in OPAC No
Holdings
Withdrawn status Lost status Source of classification or shelving scheme Damaged status Not for loan Collection Home library Current library Shelving location Date acquired Source of acquisition Cost, normal purchase price Total Checkouts Full call number Barcode Date last seen Accession number Cost, replacement price Price effective from Koha item type Public note
    LCC     NFIC MAIN MAIN GEN 04/22/2025 Book Aid International 67.00   QC176 CZY 92004054598 04/22/2025 61546 67.00 04/22/2025 BOOKS Donation